Tại sao năm 1950 Trung Quốc thiết lập quan hệ ngoại giao và viện trợ cho Việt Nam /

Αποθηκεύτηκε σε:
Λεπτομέρειες βιβλιογραφικής εγγραφής
Κύριος συγγραφέας: Lê Đình Trọng.
Μορφή: Άρθρο
Γλώσσα:Vietnamese
Θέματα:
Ετικέτες: Προσθήκη ετικέτας
Δεν υπάρχουν, Καταχωρήστε ετικέτα πρώτοι!
Thư viện lưu trữ: Thư viện Trường Đại học Đà Lạt
LEADER 00815nam a2200265 4500
001 DLU180184468
005 ##20180417
040 # # |a DLU  |b vie 
041 # # |a vie 
044 # # |a vn 
100 # # |a Lê Đình Trọng. 
245 # # |a Tại sao năm 1950 Trung Quốc thiết lập quan hệ ngoại giao và viện trợ cho Việt Nam /  |c Lê Đình Trọng. 
653 # # |a Năm 1950 
653 # # |a Quan hệ ngoại giao 
653 # # |a Trung Quốc  
653 # # |a Việt Nam 
773 # # |t Nghiên cứu lịch sử  |g Số 1(465), 2015, tr. 62-73  
920 # # |a Phòng Tạp chí -- Trung tâm Thông tin - Thư viện Trường Đại học Đà Lạt 
900 # # |a True 
911 # # |a Nguyễn Thị Thu Phương 
925 # # |a G 
926 # # |a A 
927 # # |a BB 
980 # # |a Thư viện Trường Đại học Đà Lạt